书目信息 |
| 题名: |
中国近百年史辞典
|
|
| 作者: | 王承仁 编 | |
| 分册: | ||
| 出版信息: | 武汉 湖北人民出版社 1986.08 |
|
| 页数: | 649页 | |
| 开本: | 20cm | |
| 丛书名: | ||
| 单 册: | ||
| 中图分类: | K25-61 | |
| 科图分类: | ||
| 主题词: | 中国--历史--1840~1949--词典 | |
| 电子资源: | ||
| ISBN: | ||
| 000 | 00603nam0 2200205 45 | |
| 001 | 0312221749 | |
| 005 | 20050430113625.1 | |
| 010 | @dCNY4.50@b精装 | |
| 091 | @a17106.77 | |
| 100 | @a20031222d1986 km y0chiy0120 ea | |
| 101 | @achi | |
| 105 | @a z 000yy | |
| 200 | 1 | @a中国近百年史辞典@AZhong Guo Jin Bai Nian Shi Ci Dian@f王承仁等编@FWangCheng Ren Deng Bian |
| 210 | @a武汉@c湖北人民出版社@d1986.08 | |
| 215 | @a649页@d20cm | |
| 606 | 0 | @a中国@x历史@z1840~1949@x词典 |
| 690 | @aK25-61@v3 | |
| 701 | 0 | @a王承仁@4编 |
| 801 | @aCN@bTSTCL@c20031222 | |
| 905 | @dK25-61@e65@f2@b251629-630@b164890@f1 | |
| 中国近百年史辞典/王承仁等编.-武汉:湖北人民出版社,1986.08 |
| 649页;20cm |
| ISBN (精装):CNY4.50 |
| ● |
| 相关链接 |
|
|
|
|
正题名:中国近百年史辞典
索取号:K25-61/65
 
预约/预借
| 序号 | 登录号 | 条形码 | 馆藏地/架位号 | 状态 | 备注 |
| 1 | 0164890 | 000807087 | 工具书阅览室/ [索取号:K25-61/65] | 在馆 | |
| 2 | 0164891 | 002033409 | 密集书库/ [索取号:K25-61/65] | 在馆 | |
| 3 | 0164892 | 202083459 | 第二样本阅览室/ [索取号:K25-61/65] | 在馆 | |
| 4 | 0251629 | 000807069 | 密集书库/ [索取号:K25-61/65] | 在馆 | |
| 5 | 0251630 | 000806051 | 密集书库/ [索取号:K25-61/65] | 在馆 |